People of the Zongo; the transformation of ethic identities in Ghana
Guardat en:
| Autor principal: | |
|---|---|
| Format: | Llibre |
| Idioma: | anglès |
| Publicat: |
C.U.P
1978
|
| Etiquetes: |
Afegir etiqueta
Sense etiquetes, Sigues el primer a etiquetar aquest registre!
|
MARC
| LEADER | 00000nam a22000007a 4500 | ||
|---|---|---|---|
| 008 | 201218b ||||| |||| 00| 0 eng d | ||
| 100 | |a SCHILDKROUT, Enid | ||
| 245 | |a People of the Zongo; |b the transformation of ethic identities in Ghana |c Enid Schildkrout | ||
| 260 | |b C.U.P |c 1978 |h Cambridge |i 189312 |i 189313 – Afr. |l DT512.9 .K8Sc9 |m Kumasi, Ghana – Foreign population | ||
| 500 | |a Cambridge studies in social anthropology; 20 | ||
| 942 | |a lcc |c BK |e ADEYEYE Y. S. |f 18/12/2020 | ||
| 952 | |0 0 |1 0 |2 lcc |4 0 |6 DT05129 K8 S C9 |7 0 |9 817 |a HOL |b HOL |c AF |d 2020-12-18 |l 0 |o DT512.9 .K8Sc9 |p 2020-230031 |r 2020-12-18 00:00:00 |w 2020-12-18 |y BK | ||
| 952 | |0 0 |1 0 |2 lcc |4 0 |7 0 |9 819 |a HOL |b AC |c AF |d 2020-12-18 |o DT512.9 .K8Sc9 |p 2020-230033 |r 2020-12-18 00:00:00 |w 2020-12-18 |y BK | ||
| 999 | |c 457 |d 457 | ||